000 00319nam a2200133 i 4500
001 bg
100 1 _aTIJANIC, Miodrag
245 0 _aElektrotechnika dla radioamatorów /
_cMiodrag Tijanic.
260 _aWarszawa,
_c1977.
040 _cBPK
041 _apol
942 _cKS
008 s pl f |000 0 pol
999 _c17477
_d17477
856 _uhttp://koha.tu.koszalin.pl/cgi-bin/koha/opac-detail.pl?biblionumber=17477
_yKatalog online BPK